000 00347pab a2200157 454500
008 180718b2007 xxu||||| |||| 00| 0 eng d
100 _aBoyd, Richard
245 _a`The value of civility?'
260 _c2007
300 _ap.863-78.
362 _aMay
650 _aUrban sociology
773 _aUrban Studies
908 _aN
909 _a75402
999 _c75402
_d75402